LEADER 01344nam 2200397 n 450 001 996397134003316 005 20200818212913.0 035 $a(CKB)4940000000064514 035 $a(EEBO)2248513469 035 $a(UnM)99826185e 035 $a(UnM)99826185 035 $a(EXLCZ)994940000000064514 100 $a19941201d1697 uy | 101 0 $aeng 135 $aurbn||||a|bb| 200 14$aThe allegations of the glass-makers examin'd and answer'd$b[electronic resource] 210 $a[London $cs.n.$d1697?] 215 $a1 sheet ([2] p.) 300 $aImprint from Wing. 300 $aAn attack on the glass-workers' complaints against the duties imposed on glass wares. 300 $aReproduction of the original at the Guildhall Library, London (reel 1822) and the British Library (reel 2124.2). 330 $aeebo-0059 606 $aGlass manufacture$zEngland$zLondon$vEarly works to 1800 606 $aTariff$zEngland$vEarly works to 1800 606 $aGlassworkers$zEngland$vEarly works to 1800 615 0$aGlass manufacture 615 0$aTariff 615 0$aGlassworkers 801 0$bCu-RivES 801 1$bCu-RivES 801 2$bCStRLIN 801 2$bWaOLN 906 $aBOOK 912 $a996397134003316 996 $aThe allegations of the glass-makers examin'd and answer'd$92303745 997 $aUNISA LEADER 04490nam 22006135 450 001 9910303435303321 005 20240709132150.0 010 $a9783030011086 010 $a3030011089 024 7 $a10.1007/978-3-030-01108-6 035 $a(CKB)4100000007334929 035 $a(MiAaPQ)EBC5626868 035 $a(DE-He213)978-3-030-01108-6 035 $a(PPN)24151830X 035 $a(Perlego)3494862 035 $a(EXLCZ)994100000007334929 100 $a20181228d2018 u| 0 101 0 $aeng 135 $aurcnu|||||||| 181 $ctxt$2rdacontent 182 $cc$2rdamedia 183 $acr$2rdacarrier 200 10$aDemocratic Representation in Plurinational States $eThe Kurds in Turkey /$fedited by Ephraim Nimni, Elçin Aktoprak 205 $a1st ed. 2018. 210 1$aCham :$cSpringer International Publishing :$cImprint: Palgrave Macmillan,$d2018. 215 $a1 online resource (260 pages) 225 1 $aComparative Territorial Politics,$x2947-8170 311 08$a9783030011079 311 08$a3030011070 327 $a1. Democratic Nation States and the Antinomies of Minority Representation: The Impact on the Turkish Republic -- 2. Re-Politicizing Non-Territorial Autonomy -- 3. Democratic Autonomy as a Means of Conflict Resolution and Self-Government? -- 4. National Cultural Autonomy in Central and Eastern Europe -- 5. Non-Territorial Autonomy and Western European Diversity Management Regimes: Lessons and Examples for the Turkish Republic -- 6. A Nation-State or a Multinational State? National Conceptions, Minorities and Self-Determination in Spain -- 7. The Kurdish Opening in Turkey: Between Authoritarianism and Peace -- 8. Are Non-Turkish Languages Banned in Turkey? -- 9. Kurdish Movement's Democratic Autonomy Proposal in Turkey -- 10. Territorial Autonomy and Democratization in Turkey: Prospects and Predicaments.-11. Mapping Rojava: Ideas of Democratic Confederalism and Non-Territorial Autonomy. 330 $aThis book examines modalities for the recognition and political participation of minorities in plurinational states in theory and in practice, with a specific reference to the Republic of Turkey and the resolution of the Kurdish question. Drawing on the experience of Spain and Eastern Europe and other recent novel models for minority accommodation, including the Ottoman experience of minority autonomy (the Millet System), the volume brings together researchers from Turkey and Europe more broadly to develop an ongoing dialogue that analytically examines various models for national minority accommodation. These models promise to protect the state's integrity and provide governmental mechanisms that satisfy demands for collective representation of national communities in the framework of a plurinational state. Ephraim Nimni is Visiting Fellow in the Centre for the Study of Ethnic Conflict at Queen's University Belfast, UK. He has published widely on minority rights,models of national self-determination that do not require separate nation states, multiculturalism and the applicability of the national cultural autonomy model to contemporary multination states, and on the Israeli Palestinian conflict. Elçin Aktoprak was Assistant Professor at the Faculty of Political Sciences, Ankara University, Turkey, until she was dismissed as per the emergency decree in February 2017. Her research interests are theories of nationalism, minority issues in Europe, the Kurdish question, conflict resolution and peace studies. . 410 0$aComparative Territorial Politics,$x2947-8170 606 $aMiddle East$xPolitics and government 606 $aEurope$xPolitics and government 606 $aPolitical science 606 $aMiddle Eastern Politics 606 $aEuropean Politics 606 $aPolitical Science 606 $aGovernance and Government 615 0$aMiddle East$xPolitics and government. 615 0$aEurope$xPolitics and government. 615 0$aPolitical science. 615 14$aMiddle Eastern Politics. 615 24$aEuropean Politics. 615 24$aPolitical Science. 615 24$aGovernance and Government. 676 $a323.1191/5970561 676 $a320.089 702 $aNimni$b Ephraim$4edt$4http://id.loc.gov/vocabulary/relators/edt 702 $aAktoprak$b Elçin$4edt$4http://id.loc.gov/vocabulary/relators/edt 906 $aBOOK 912 $a9910303435303321 996 $aDemocratic Representation in Plurinational States$92004305 997 $aUNINA